[Event "MCRE_KT59"]
[Site "?"]
[Date "2009.??.??"]
[Round "?"]
[White "Hlavacek, Ladislav"]
[Black "Rotter, Walter"]
[Result "1-0"]
[WhiteElo "1988"]
[BlackElo "2400"]
[PlyCount "25"]
[EventDate "2009.??.??"]
[EventType "corr"]
[EventRounds "2"]

1. f4 d5 2. Nf3 g6 3. c4 d4 4. e4 dxe3 5. Nc3 exd2+ 6. Bxd2 Bg4 7. Qb3 Bxf3 8.
gxf3 Nd7 9. O-O-O Bg7 10. Qxb7 Nh6 11. Qc6 Rc8 12. Bh3 e6 13. Be1 1-0

[Event "MCRE_KT59"]
[Site "?"]
[Date "2009.??.??"]
[Round "?"]
[White "Hlavacek, Ladislav"]
[Black "Lasik, Petr"]
[Result "1/2-1/2"]
[WhiteElo "1988"]
[BlackElo "1824"]
[PlyCount "89"]
[EventDate "2009.??.??"]
[EventType "corr"]
[EventRounds "2"]

1. f4 d5 2. Nf3 Nc6 3. e3 Nf6 4. Nc3 Bg4 5. h3 Bxf3 6. Qxf3 e6 7. d4 Bb4 8. Bd3
Qd6 9. O-O O-O 10. Ne2 Ne7 11. c3 Ba5 12. a4 c6 13. Ng3 Rac8 14. b4 Bc7 15. Bd2
Ng6 16. e4 dxe4 17. Nxe4 Nxe4 18. Qxe4 Rfd8 19. a5 a6 20. Rae1 Qd5 21. f5 Qxe4
22. Rxe4 exf5 23. Rxf5 Re8 24. Rxe8+ Rxe8 25. Bc4 Re7 26. Kf2 Kf8 27. g3 h6 28.
h4 Ke8 29. Kf3 Nf8 30. Kg2 Bd6 31. Bd3 Ne6 32. Rf1 Nc7 33. g4 Ne6 34. g5 hxg5
35. hxg5 Nf8 36. Kf3 Ne6 37. Kg4 Nf8 38. Rh1 Kd7 39. Rh3 g6 40. Rf3 Ke8 41. Rf6
Bc7 42. Rf2 Ne6 43. Rf1 Bd6 44. Rf6 Bc7 45. Rf2 1/2-1/2

[Event "MCRE_KT59"]
[Site "?"]
[Date "2009.??.??"]
[Round "?"]
[White "Hlavacek, Ladislav"]
[Black "Dojcinovic, Miroslav"]
[Result "1-0"]
[WhiteElo "1988"]
[BlackElo "1647"]
[PlyCount "51"]
[EventDate "2009.??.??"]
[EventType "corr"]
[EventRounds "2"]

1. e4 e5 2. Nf3 Nc6 3. Bb5 a6 4. Bxc6 dxc6 5. O-O Qd6 6. Na3 Be6 7. b3 f6 8.
Nc4 Qd7 9. d4 O-O-O 10. Bb2 Bxc4 11. bxc4 Qg4 12. Qe2 exd4 13. h3 Qh5 14. Bxd4
Nh6 15. Qe3 c5 16. Bc3 Bd6 17. Rad1 Qf7 18. Rd5 c6 19. Rxd6 Rxd6 20. Qxc5 Qc7
21. e5 Re6 22. Ba5 Rxe5 23. Nxe5 Qxe5 24. Qb6 Re8 25. Rb1 Nf7 26. Qxb7# 1-0

[Event "MCRE_KT59"]
[Site "?"]
[Date "2009.??.??"]
[Round "?"]
[White "Hlavacek, Ladislav"]
[Black "Chlubna, Josef"]
[Result "1-0"]
[WhiteElo "1988"]
[BlackElo "1601"]
[PlyCount "39"]
[EventDate "2009.??.??"]
[EventType "corr"]
[EventRounds "2"]

1. f4 d6 2. Nf3 Nc6 3. e4 f6 4. Nc3 Bg4 5. d4 Bxf3 6. gxf3 e6 7. d5 exd5 8.
exd5 Nce7 9. Bh3 g6 10. Be6 c6 11. Qd3 Bg7 12. Be3 Nh6 13. O-O-O Qc7 14. dxc6
bxc6 15. Ne4 d5 16. Nc5 Nf7 17. Bd7+ Qxd7 18. Nxd7 Kxd7 19. Qa6 Nc8 20. Qb7+
1-0

[Event "MCRE_KT59"]
[Site "?"]
[Date "2009.??.??"]
[Round "?"]
[White "Hlavacek, Ladislav"]
[Black "Buchal, Petr"]
[Result "1-0"]
[WhiteElo "1988"]
[BlackElo "1600"]
[PlyCount "45"]
[EventDate "2009.??.??"]
[EventType "corr"]
[EventRounds "2"]

1. f4 d6 2. Nc3 Nf6 3. Nf3 e5 4. e4 Bg4 5. h3 Bxf3 6. Qxf3 Nbd7 7. d3 a6 8. Be2
Be7 9. Be3 O-O 10. O-O-O b5 11. g4 c5 12. f5 b4 13. Na4 Nb6 14. Nxb6 Qxb6 15.
g5 Nd7 16. f6 gxf6 17. Qg4 fxg5 18. Qxd7 Qd8 19. Qg4 a5 20. h4 f6 21. hxg5 fxg5
22. Qe6+ Kh8 23. Rxh7+ 1-0

[Event "MCRE_KT59"]
[Site "?"]
[Date "2009.??.??"]
[Round "?"]
[White "Rotter, Walter"]
[Black "Hlavacek, Ladislav"]
[Result "1/2-1/2"]
[WhiteElo "1968"]
[BlackElo "1988"]
[PlyCount "70"]
[EventDate "2009.??.??"]
[EventType "corr"]
[EventRounds "2"]

1. d4 d5 2. c4 Nc6 3. Nf3 Nf6 4. Nc3 e6 5. a3 Bd6 6. Bg5 Be7 7. e3 O-O 8. Bd3
dxc4 9. Bxc4 h6 10. Bh4 b6 11. O-O Nd5 12. Nxd5 exd5 13. Bb5 Bb7 14. Rc1 Na5
15. Bxe7 Qxe7 16. Qc2 Rac8 17. b4 Nc4 18. Bxc4 dxc4 19. Qxc4 Rfd8 20. Rfd1 Bxf3
21. gxf3 Rd6 22. d5 Qd7 23. Kh1 b5 24. Qg4 f5 25. Qd4 c6 26. Rc5 Qf7 27. Qf4
Qd7 28. e4 Rd8 29. Rd3 Qf7 30. Qd2 fxe4 31. fxe4 cxd5 32. Rcxd5 Rxd5 33. exd5
Rd6 34. h3 Qf5 35. Kg2 a6 1/2-1/2

[Event "MCRE_KT59"]
[Site "?"]
[Date "2009.??.??"]
[Round "?"]
[White "Rotter, Walter"]
[Black "Lasik, Petr"]
[Result "1-0"]
[WhiteElo "1968"]
[BlackElo "1824"]
[PlyCount "59"]
[EventDate "2009.??.??"]
[EventType "corr"]
[EventRounds "2"]

1. d4 Nf6 2. c4 e6 3. Nf3 d5 4. Nc3 Bb4 5. Bg5 Nbd7 6. cxd5 exd5 7. e3 O-O 8.
Bd3 Re8 9. O-O c6 10. Qc2 Nf8 11. Ne5 h6 12. Bh4 Be6 13. f4 Be7 14. Rae1 Rc8
15. f5 Bd7 16. e4 dxe4 17. Bc4 Nd5 18. Nxf7 Qb6 19. Nxh6+ gxh6 20. Qxe4 Bxh4
21. Qxh4 Rxe1 22. Rxe1 Bxf5 23. Bxd5+ cxd5 24. Nxd5 Qd8 25. Qxd8 Rxd8 26. Ne7+
Kf7 27. Nxf5 Kg6 28. Rf1 Ne6 29. d5 Ng7 30. Ne7+ 1-0

[Event "MCRE_KT59"]
[Site "?"]
[Date "2009.??.??"]
[Round "?"]
[White "Rotter, Walter"]
[Black "Dojcinovic, Miroslav"]
[Result "1/2-1/2"]
[WhiteElo "1968"]
[BlackElo "1647"]
[PlyCount "123"]
[EventDate "2009.??.??"]
[EventType "corr"]
[EventRounds "2"]

1. d4 d5 2. c4 e6 3. Nf3 Nf6 4. Bg5 Be7 5. Nc3 h6 6. Bf4 O-O 7. e3 c5 8. Bd3
cxd4 9. exd4 dxc4 10. Bxc4 a6 11. O-O b5 12. Be2 b4 13. Na4 Nbd7 14. Rc1 Nd5
15. Bg3 Bb7 16. Bd3 Rc8 17. Ne5 N5f6 18. Qe2 Nxe5 19. Bxe5 Qd5 20. f3 Qa5 21.
b3 Rfd8 22. Rfd1 Nd5 23. Qe4 g6 24. Qe2 Bg5 25. Rc4 Bc6 26. Rc5 Bb5 27. Ra1
Rxc5 28. Nxc5 Nc3 29. Qf2 Bxd3 30. Nxd3 Qb5 31. Nb2 Qe2 32. Qxe2 Nxe2+ 33. Kf2
Nxd4 34. Rd1 Nb5 35. Rxd8+ Bxd8 36. Na4 f6 37. Bb2 Kf7 38. Ke3 Nc7 39. Nb6 e5
40. Kd3 Ke6 41. Kc4 Be7 42. Bc1 f5 43. Bxh6 Nb5 44. Be3 Nc3 45. a4 a5 46. Bc5
Bd8 47. Kd3 e4+ 48. fxe4 fxe4+ 49. Kd2 Bg5+ 50. Be3 Nb1+ 51. Ke2 Bd8 52. Kd1
Bc7 53. h3 Bd8 54. Kc2 Na3+ 55. Kc1 Kd6 56. Nc8+ Kc7 57. Nb6 Kc6 58. Nc8 Kd7
59. Nb6+ Ke6 60. Nc8 Bc7 61. Na7 Kd7 62. Nb5 1/2-1/2

[Event "MCRE_KT59"]
[Site "?"]
[Date "2009.??.??"]
[Round "?"]
[White "Rotter, Walter"]
[Black "Chlubna, Josef"]
[Result "1-0"]
[WhiteElo "1968"]
[BlackElo "1601"]
[PlyCount "33"]
[EventDate "2009.??.??"]
[EventType "corr"]
[EventRounds "2"]

1. d4 d5 2. c4 c6 3. Nf3 Bf5 4. cxd5 cxd5 5. Nc3 e6 6. e4 dxe4 7. Bb5+ Nd7 8.
Ne5 Ngf6 9. Bg5 h6 10. Bxd7+ Ke7 11. d5 Qc7 12. Bf4 Rh7 13. d6+ Qxd6 14. Ng6+
fxg6 15. Qxd6+ Kd8 16. Qxf8+ Kxd7 17. Qf7+ 1-0

[Event "MCRE_KT59"]
[Site "?"]
[Date "2009.??.??"]
[Round "?"]
[White "Rotter, Walter"]
[Black "Buchal, Petr"]
[Result "1-0"]
[WhiteElo "1968"]
[BlackElo "1601"]
[PlyCount "41"]
[EventDate "2009.??.??"]
[EventType "corr"]
[EventRounds "2"]

1. d4 Nf6 2. c4 g6 3. Nc3 Bg7 4. e4 d6 5. f3 O-O 6. Nge2 e6 7. Be3 Nbd7 8. Ng3
a6 9. Be2 c5 10. O-O Re8 11. dxc5 dxc5 12. f4 Qb6 13. e5 Nh5 14. Bxh5 gxh5 15.
Nxh5 f6 16. Qg4 Re7 17. exf6 Nxf6 18. Nxf6+ Kh8 19. Qh4 Bxf6 20. Qxf6+ Rg7 21.
Rad1 1-0

[Event "MCRE_KT59"]
[Site "?"]
[Date "2009.??.??"]
[Round "?"]
[White "Lasik, Petr"]
[Black "Hlavacek, Ladislav"]
[Result "1/2-1/2"]
[WhiteElo "1824"]
[BlackElo "1988"]
[PlyCount "57"]
[EventDate "2009.??.??"]
[EventType "corr"]
[EventRounds "2"]

1. e4 e5 2. Nf3 Nf6 3. Nxe5 Qe7 4. Nf3 Qxe4+ 5. Qe2 Qxe2+ 6. Bxe2 Nc6 7. O-O
Bc5 8. c3 d5 9. d4 Bd6 10. Re1 O-O 11. h3 Re8 12. Bg5 Be7 13. Bb5 Bd7 14. Nbd2
h6 15. Bf4 Bd6 16. Bxd6 cxd6 17. Bd3 Nh5 18. Rxe8+ Rxe8 19. Re1 Rxe1+ 20. Nxe1
g5 21. Bb5 Kg7 22. Nd3 a6 23. Bxc6 Bxc6 24. Nb4 Nf4 25. Nxc6 bxc6 26. Nb3 Nd3
27. Na5 Nxb2 28. Nxc6 Na4 29. Nb4 1/2-1/2

[Event "MCRE_KT59"]
[Site "?"]
[Date "2009.??.??"]
[Round "?"]
[White "Lasik, Petr"]
[Black "Rotter, Walter"]
[Result "0-1"]
[WhiteElo "1824"]
[BlackElo "1968"]
[PlyCount "68"]
[EventDate "2009.??.??"]
[EventType "corr"]
[EventRounds "2"]

1. e4 e5 2. Nf3 Nf6 3. Nxe5 d6 4. Nf3 Nxe4 5. d4 d5 6. Bd3 Nc6 7. Qe2 Bf5 8. c3
Bd6 9. O-O O-O 10. Qc2 Qf6 11. Ng5 Qg6 12. f4 Rfe8 13. Nd2 Ng3 14. Bxf5 Nxf5
15. Ndf3 Nfxd4 16. Nxd4 Nxd4 17. Qxg6 Ne2+ 18. Kh1 hxg6 19. Bd2 f6 20. Nh3 d4
21. cxd4 Nxd4 22. Bc3 Ne2 23. Bd2 Rad8 24. Rae1 Bc5 25. Bc1 c6 26. a3 Bd4 27.
b3 Bc3 28. Rd1 Rxd1 29. Rxd1 Nxc1 30. Rxc1 Bb2 31. Rb1 Bxa3 32. Ng1 Re3 33. g3
a5 34. Kg2 Kf7 0-1

[Event "MCRE_KT59"]
[Site "?"]
[Date "2009.??.??"]
[Round "?"]
[White "Lasik, Petr"]
[Black "Dojcinovic, Miroslav"]
[Result "0-1"]
[WhiteElo "1824"]
[BlackElo "1647"]
[PlyCount "62"]
[EventDate "2009.??.??"]
[EventType "corr"]
[EventRounds "2"]

1. e4 e5 2. Nf3 Nf6 3. Nxe5 d6 4. Nf3 Nxe4 5. d4 d5 6. Bd3 Nc6 7. O-O Be7 8.
Re1 Bg4 9. Bxe4 dxe4 10. Rxe4 Bxf3 11. Qxf3 Nxd4 12. Qc3 Ne6 13. Qe1 O-O 14.
Be3 Re8 15. Nd2 Qd5 16. c4 Qc6 17. Qc1 f5 18. Re5 f4 19. Rxe6 Qxe6 20. Bxf4 Qe2
21. Nf3 Bf6 22. Rb1 Re4 23. b3 Rae8 24. Be3 Qxa2 25. Nd2 R4e7 26. Nf3 a6 27. h3
Rd7 28. Qf1 Red8 29. Kh2 Qc2 30. Qe1 b6 31. Qf1 Rd1 0-1

[Event "MCRE_KT59"]
[Site "?"]
[Date "2009.??.??"]
[Round "?"]
[White "Lasik, Petr"]
[Black "Chlubna, Josef"]
[Result "1-0"]
[WhiteElo "1824"]
[BlackElo "1601"]
[PlyCount "55"]
[EventDate "2009.??.??"]
[EventType "corr"]
[EventRounds "2"]

1. e4 e5 2. Nf3 Nc6 3. d4 exd4 4. Nxd4 Nge7 5. Bc4 g6 6. Bg5 Bg7 7. Nxc6 bxc6
8. c3 d6 9. O-O Qd7 10. Nd2 d5 11. exd5 cxd5 12. Bb3 O-O 13. Bxe7 Qxe7 14. Bxd5
Rb8 15. Re1 Be6 16. Bxe6 fxe6 17. Rb1 Rbd8 18. Qe2 Rf6 19. Ne4 Rf5 20. Qa6 c5
21. Ng3 Rf6 22. Rbd1 Rxd1 23. Rxd1 e5 24. Qc8+ Kf7 25. Rd7 Re6 26. Rxe7+ Rxe7
27. Ne4 Rc7 28. Qxc7+ 1-0

[Event "MCRE_KT59"]
[Site "?"]
[Date "2009.??.??"]
[Round "?"]
[White "Dojcinovic, Miroslav"]
[Black "Hlavacek, Ladislav"]
[Result "1/2-1/2"]
[WhiteElo "1647"]
[BlackElo "1988"]
[PlyCount "35"]
[EventDate "2009.??.??"]
[EventType "corr"]
[EventRounds "2"]

1. e4 e5 2. Nf3 Nf6 3. Nxe5 Qe7 4. d4 Nc6 5. Nxc6 Qxe4+ 6. Be2 dxc6 7. O-O Be6
8. c3 O-O-O 9. Nd2 Qg6 10. Nf3 Bd6 11. Bd3 Qh5 12. Be2 Rhe8 13. Ne5 Qh4 14. Nf3
Qh5 15. Ne5 Qh4 16. Nf3 Qh5 17. Ne5 Qh4 18. Nf3 1/2-1/2

[Event "MCRE_KT59"]
[Site "?"]
[Date "2009.??.??"]
[Round "?"]
[White "Dojcinovic, Miroslav"]
[Black "Rotter, Walter"]
[Result "0-1"]
[WhiteElo "1647"]
[BlackElo "1968"]
[PlyCount "68"]
[EventDate "2009.??.??"]
[EventType "corr"]
[EventRounds "2"]

1. e4 e5 2. Nf3 Nf6 3. Bc4 Nc6 4. Nc3 Bc5 5. d3 h6 6. O-O O-O 7. h3 d6 8. Na4
Bb4 9. c3 Ba5 10. b4 Bb6 11. Nxb6 axb6 12. Qe2 Qe7 13. a3 Be6 14. Bxe6 Qxe6 15.
b5 Ne7 16. Re1 c6 17. d4 Ng6 18. Rb1 Nd7 19. c4 Rfc8 20. d5 cxd5 21. cxd5 Qe7
22. Rb4 Rc7 23. Qb2 Rac8 24. Bd2 Qf8 25. Qb1 f5 26. Bc3 Rxc3 27. exf5 Nf4 28.
Rxf4 exf4 29. Kh2 Rxf3 30. gxf3 Ne5 31. Kg2 Qf6 32. Qe4 Rc4 33. Qe2 Rc3 34. h4
Qxh4 0-1

[Event "MCRE_KT59"]
[Site "?"]
[Date "2009.??.??"]
[Round "?"]
[White "Dojcinovic, Miroslav"]
[Black "Lasik, Petr"]
[Result "0-1"]
[WhiteElo "1647"]
[BlackElo "1824"]
[PlyCount "74"]
[EventDate "2009.??.??"]
[EventType "corr"]
[EventRounds "2"]

1. e4 c6 2. Nf3 d6 3. d4 Bg4 4. Be2 Nf6 5. Nc3 Nbd7 6. Be3 e6 7. Qd2 Be7 8. h3
Bh5 9. O-O-O Qa5 10. g4 Bg6 11. g5 Ng8 12. d5 cxd5 13. exd5 e5 14. Nh4 Nc5 15.
f4 f6 16. Bb5+ Nd7 17. fxe5 fxe5 18. Nxg6 hxg6 19. Qd3 O-O-O 20. Qxg6 Bf8 21.
Rhf1 Nc5 22. Rxf8 Rxf8 23. Qe6+ Nxe6 24. dxe6 Ne7 25. a4 a6 26. Bd7+ Kb8 27.
Ne4 Nf5 28. Bd2 Qc7 29. Nc3 Ne7 30. Ne4 Qc4 31. Nxd6 Qa2 32. c3 Rf2 33. Ne4 Rh2
34. c4 Qxc4+ 35. Nc3 Qd3 36. Na2 Rh4 37. Nc3 Rc4 0-1

[Event "MCRE_KT59"]
[Site "?"]
[Date "2009.??.??"]
[Round "?"]
[White "Dojcinovic, Miroslav"]
[Black "Chlubna, Josef"]
[Result "1-0"]
[WhiteElo "1647"]
[BlackElo "1601"]
[PlyCount "37"]
[EventDate "2009.??.??"]
[EventType "corr"]
[EventRounds "2"]

1. d4 d5 2. c4 c6 3. e3 b6 4. Nc3 Nf6 5. cxd5 cxd5 6. Bd2 e6 7. Rc1 Bd7 8. Nf3
Bd6 9. Nb5 Qe7 10. Nxd6+ Qxd6 11. Ne5 Nc6 12. Nxd7 Qxd7 13. Bb5 Rc8 14. Qa4 O-O
15. Bxc6 Ne4 16. Bxd7 Rxc1+ 17. Bxc1 Nf6 18. Qxa7 Rd8 19. Qxb6 1-0

[Event "MCRE_KT59"]
[Site "?"]
[Date "2009.??.??"]
[Round "?"]
[White "Dojcinovic, Miroslav"]
[Black "Buchal, Petr"]
[Result "1-0"]
[WhiteElo "1647"]
[BlackElo "1600"]
[PlyCount "25"]
[EventDate "2009.??.??"]
[EventType "corr"]
[EventRounds "2"]

1. e4 c5 2. Nf3 Nc6 3. d4 cxd4 4. Nxd4 d6 5. Nc3 Nf6 6. Bg5 e5 7. Bxf6 Qxf6 8.
Nd5 Qd8 9. Nb5 Qa5+ 10. c3 Rb8 11. b4 Qd8 12. Nbc7+ Kd7 13. Qg4+ 1-0

[Event "MCRE_KT59"]
[Site "?"]
[Date "2009.??.??"]
[Round "?"]
[White "Chlubna, Josef"]
[Black "Hlavacek, Ladislav"]
[Result "0-1"]
[WhiteElo "1601"]
[BlackElo "1988"]
[PlyCount "36"]
[EventDate "2009.??.??"]
[EventType "corr"]
[EventRounds "2"]

1. e4 e5 2. Nf3 Nf6 3. Nc3 Nc6 4. Bb5 Bc5 5. h3 O-O 6. Bxc6 bxc6 7. d3 d5 8.
exd5 cxd5 9. O-O d4 10. Ne4 Nxe4 11. dxe4 Qd6 12. Re1 Re8 13. a3 a5 14. Qd3 a4
15. c3 Ba6 16. Qc2 d3 17. Qd1 Qb6 18. Qc2 dxc2 0-1

[Event "MCRE_KT59"]
[Site "?"]
[Date "2009.??.??"]
[Round "?"]
[White "Chlubna, Josef"]
[Black "Rotter, Walter"]
[Result "0-1"]
[WhiteElo "1601"]
[BlackElo "1968"]
[PlyCount "42"]
[EventDate "2009.??.??"]
[EventType "corr"]
[EventRounds "2"]

1. e4 e5 2. Nf3 Nf6 3. Nxe5 d6 4. Nf3 Nxe4 5. d3 Nf6 6. h3 Be7 7. Be2 O-O 8.
Be3 Nd5 9. Bd4 Nc6 10. O-O Nxd4 11. Nxd4 Bf6 12. c3 Bxd4 13. cxd4 Nf4 14. Bg4
Qg5 15. Re1 h5 16. Bf3 Bxh3 17. g3 Bf5 18. Be2 h4 19. Bf3 hxg3 20. Kf1 gxf2 21.
Kxf2 Nh3+ 0-1

[Event "MCRE_KT59"]
[Site "?"]
[Date "2009.??.??"]
[Round "?"]
[White "Chlubna, Josef"]
[Black "Lasik, Petr"]
[Result "0-1"]
[WhiteElo "1601"]
[BlackElo "1824"]
[PlyCount "64"]
[EventDate "2009.??.??"]
[EventType "corr"]
[EventRounds "2"]

1. d4 Nf6 2. Nc3 d5 3. Nf3 Bf5 4. Bg5 Nbd7 5. e3 e6 6. Bb5 c6 7. Bd3 Bxd3 8.
Qxd3 Be7 9. Bxf6 Nxf6 10. h3 Bb4 11. a3 Qa5 12. O-O Bxc3 13. bxc3 O-O 14. Rab1
b6 15. Ne5 Qxa3 16. Rb3 Qd6 17. c4 Nd7 18. Nf3 dxc4 19. Qxc4 Rfc8 20. Rd1 Nf6
21. Qd3 c5 22. dxc5 Qxc5 23. Rc3 Qxc3 24. Qe2 Qxc2 25. Rd2 Qb1+ 26. Rd1 Rc1 27.
Rxc1 Qxc1+ 28. Kh2 Rd8 29. Ne1 Rd1 30. Nd3 Qb1 31. Nb2 Rc1 32. Qd3 Rh1+ 0-1

[Event "MCRE_KT59"]
[Site "?"]
[Date "2009.??.??"]
[Round "?"]
[White "Chlubna, Josef"]
[Black "Dojcinovic, Miroslav"]
[Result "0-1"]
[WhiteElo "1601"]
[BlackElo "1647"]
[PlyCount "52"]
[EventDate "2009.??.??"]
[EventType "corr"]
[EventRounds "2"]

1. e4 e5 2. Nf3 Nc6 3. d4 exd4 4. Nxd4 Nf6 5. Nc3 d6 6. Be3 Be6 7. Be2 Nxd4 8.
Bxd4 Bd7 9. Qd2 Bc6 10. Qe3 Be7 11. Rd1 O-O 12. f4 Nd7 13. g3 Bf6 14. Bf3 Nb6
15. b3 Bxd4 16. Rxd4 Qf6 17. Kf2 Rfe8 18. a4 Re7 19. h4 Rae8 20. b4 Nxa4 21. b5
Nxc3 22. bxc6 Nb5 23. Rc4 d5 24. Rb4 Qxc6 25. Qe1 a5 26. Ra4 Qxc2+ 0-1

[Event "MCRE_KT59"]
[Site "?"]
[Date "2009.??.??"]
[Round "?"]
[White "Buchal, Petr"]
[Black "Hlavacek, Ladislav"]
[Result "0-1"]
[WhiteElo "1600"]
[BlackElo "1988"]
[PlyCount "30"]
[EventDate "2009.??.??"]
[EventType "corr"]
[EventRounds "2"]

1. e4 e5 2. Nf3 Nf6 3. Nc3 Nc6 4. Bb5 Bc5 5. O-O O-O 6. d3 d6 7. Bg5 h6 8. Bh4
Nd4 9. Bc4 Bg4 10. Nd5 g5 11. Bg3 Nxd5 12. Bxd5 Qf6 13. Bxb7 Nxf3+ 14. gxf3
Bxf3 15. Qc1 Qe6 0-1

[Event "MCRE_KT59"]
[Site "?"]
[Date "2009.??.??"]
[Round "?"]
[White "Buchal, Petr"]
[Black "Rotter, Walter"]
[Result "0-1"]
[WhiteElo "1600"]
[BlackElo "1968"]
[PlyCount "32"]
[EventDate "2009.??.??"]
[EventType "corr"]
[EventRounds "2"]

1. e4 e5 2. Nf3 Nf6 3. Nc3 Nc6 4. Bb5 Nd4 5. Ba4 c6 6. O-O Qa5 7. d3 Bb4 8. Bb3
Nxb3 9. cxb3 Be7 10. a3 O-O 11. b4 Bxb4 12. Bd2 Be7 13. Qc2 Qc7 14. h3 d6 15.
Rac1 Be6 16. Rfe1 h6 0-1

[Event "MCRE_KT59"]
[Site "?"]
[Date "2009.??.??"]
[Round "?"]
[White "Buchal, Petr"]
[Black "Dojcinovic, Miroslav"]
[Result "0-1"]
[WhiteElo "1600"]
[BlackElo "1647"]
[PlyCount "37"]
[EventDate "2009.??.??"]
[EventType "corr"]
[EventRounds "2"]

1. e4 e5 2. Nf3 Nc6 3. Bb5 a6 4. Ba4 Nf6 5. Nc3 Be7 6. O-O b5 7. Bb3 d6 8. d3
Bb7 9. a4 Na5 10. Ba2 b4 11. Nd5 Nxd5 12. Bxd5 Bxd5 13. exd5 c6 14. dxc6 Nxc6
15. Re1 O-O 16. b3 d5 17. Bb2 f6 18. Qe2 Rc8 19. c3 0-1

[Event "MCRE_KT59"]
[Site "?"]
[Date "2009.??.??"]
[Round "?"]
[White "Lasik, Petr"]
[Black "Buchal, Petr"]
[Result "1-0"]
[WhiteElo "1824"]
[BlackElo "1600"]
[PlyCount "39"]
[EventDate "2009.??.??"]
[EventType "corr"]
[EventRounds "2"]

1. e4 c5 2. Nf3 Nc6 3. d4 cxd4 4. Nxd4 d6 5. Bc4 Nf6 6. Nc3 Qb6 7. Be3 Qxb2 8.
Ndb5 Qb4 9. Qe2 Qa5 10. O-O a6 11. Nd5 axb5 12. Bb6 Qa3 13. Nc7+ Kd7 14. Bxf7
e5 15. Nxa8 Qxa8 16. Qxb5 Nxe4 17. Qd5 Ng5 18. Bh5 Qa6 19. Be3 Be7 20. Bg4+ 1-0